000 00810nam a2200241 a 4500
001
003 DO-SdBNP
005 20250625102957.0
008 090717s2007 dr 000 p spa d
020 _a9789945420234
040 _aDO-SdBNP
_bspa
_cBPMSU
082 _aRD861.5
_bB928o 2007
_222
100 1 _aBueno, Augusto
245 1 0 _aOtra forma para morir /
_cAugusto Bueno ; cuidado Valentín Amaro.
260 _aSan Francisco de Macorís, República Dominicana :
_bAngeles de Fierro ;
_bEditora Nacional,
_c2007.
300 _a79 p. ;
_c18 cm.
500 _aIncluye datos biográficos del autor en la solapa de la cubierta
590 _aInventariado, 2022/VM
650 4 _aPoesía dominicana
650 4 _aLiteratura dominicana.
910 _aValidado. Control de calidad VMateo V
942 _2ddc
_cBK
999 _c14206
_d14206